Statistiken für Flaggen von Ländern, die an Russland grenzen

Klicken Sie hier um das Quiz zu spielen!

Allgemein

  • Dieses Quiz wurde 2.038 mal gespielt
  • Das Durchschnittsergebnis liegt bei 12 aus 14

Antwortstatistiken

Antwort% Korrekt
China
99%
Finnland
99%
Ukraine
97%
Polen
97%
Norwegen
97%
Estland
94%
Georgien
89%
Kasachstan
86%
Lettland
84%
Weißrussland
81%
Nordkorea
81%
Litauen
77%
Mongolei
74%
Aserbaidschan
70%

Verteilung der Resultate

Perzentil nach korrekt beantworteten Fragen

Anzahl Personen mit jedem Resultat

Ihre Resultats-Entwicklung

Sie haben dieses Quiz noch nicht gespielt